| 000 | 00363pab a2200157 454500 | ||
|---|---|---|---|
| 008 | 180718b2001 xxu||||| |||| 00| 0 eng d | ||
| 100 | _aOberoi, Krishna | ||
| 245 | _aSanitation: garbage management | ||
| 260 | _c2001 | ||
| 300 | _ap.33-34 | ||
| 362 | _aJun | ||
| 650 | _aSanitation | ||
| 700 | _aBorah, Swapnali | ||
| 773 | _aSocial Welfare | ||
| 909 | _a48857 | ||
| 999 |
_c48857 _d48857 |
||